Países com mais cristãos - Statistics

Estatísticas Gerais
  • Esse quiz foi jogado 111 vezes
  • A pontuação média é 14 de 18
Estatísticas das Respostas
Número estimado País % Correto
180 Milhões Brasil
100%
230 Milhões Estados Unidos
99%
34 Milhões Argentina
97%
45 Milhões França
97%
108 Milhões México
97%
52 Milhões Alemanha
94%
53 Milhões Itália
94%
80 Milhões Rússia
94%
37 Milhões Espanha
92%
44 Milhões Reino Unido
86%
70 Milhões China
83%
50 Milhões Colômbia
82%
90 Milhões Nigéria
59%
79 Milhões RD Congo
53%
93 Milhões Filipinas
46%
67 Milhões Etiópia
41%
35 Milhões Quênia
26%
43 Milhões Uganda
17%
Nenhum quiz correspondente encontrado
Distribuição das Pontuações
Porcentagem de Pessoas com Cada Pontuação
Percentil de Números Respondidos
Sua Pontuação Histórica
Você não jogou esse quiz